International Journal of Mechanical Engineering & Technology (Record no. 5484)

MARC details
000 -LEADER
fixed length control field 00350nam a22001337a 4500
005 - DATE AND TIME OF LATEST TRANSACTION
control field 20170628104732.0
008 - FIXED-LENGTH DATA ELEMENTS--GENERAL INFORMATION
fixed length control field 170628b xxu||||| |||| 00| 0 eng d
022 ## - INTERNATIONAL STANDARD SERIAL NUMBER
ISSN 0976-6359
245 ## - TITLE STATEMENT
Title International Journal of Mechanical Engineering & Technology
250 ## - EDITION STATEMENT
Edition statement Volume -8 , Issue 1
260 ## - PUBLICATION, DISTRIBUTION, ETC. (IMPRINT)
Place of publication Chennai
Name of publisher IAEME
Year of publication 207
300 ## - PHYSICAL DESCRIPTION
Number of Pages 222
942 ## - ADDED ENTRY ELEMENTS (KOHA)
Koha item type Journals/Serial
Holdings
Lost status Damaged status Home library Current library Date acquired Source of acquisition Cost, normal purchase price Accession Number Koha item type Shelving location
    JRU Library   28/06/2017 Purchase 667.00 IJMET0001 Journals/Serial  
    JRU Library   28/06/2017 Purchase 667.00 IJMET0002 Journals/Serial  
    JRU Library   28/06/2017 Purchase 667.00 IJMET0003 Journals/Serial  
    JRU Library   29/08/2017     IJMET0004 Journals/Serial  
    JRU Library   07/10/2017 Purchase   IJMET0005 Journals/Serial  
    JRU Library   07/10/2017 Purchase   IJMET0006 Journals/Serial  
    JRU Library   07/10/2017 Purchase   IJMET0007 Journals/Serial  
    JRU Library   11/11/2017 Purchase   IJMET0008 Journals/Serial  
    JRU Library   27/11/2017 Purchase   IJMET0009 Journals/Serial  
    JRU Library   27/09/2018 Purchase 9000.00 IJMET0010 Journals/Serial Periodicals Section
    JRU Library   27/09/2018 Purchase 9000.00 IJMET0011 Journals/Serial Periodicals Section
    JRU Library   27/09/2018 Purchase 9000.00 IJMET0012 Journals/Serial Periodicals Section
    JRU Library   25/10/2018 Purchase   IJMET0013 Journals/Serial Periodicals Section
    JRU Library   25/10/2018 Purchase   IJMET0014 Journals/Serial Periodicals Section
    JRU Library   25/10/2018 Purchase   IJMET0015 Journals/Serial Periodicals Section
    JRU Library   09/03/2019 Purchase   IJMET0016 Journals/Serial Periodicals Section
    JRU Library   09/03/2019 Purchase   IJMET0017 Journals/Serial Periodicals Section